[Event "Olympiad-41"]
[Site "Tromsoe"]
[Date "2014.08.09"]
[Round "7.2"]
[White "Murara, Maxence"]
[Black "Massana, Jorge"]
[Result "0-1"]
[WhiteElo "1729"]
[BlackElo "2180"]
[PlyCount "80"]
[EventDate "2014.08.02"]
[EventType "team-swiss"]
[EventRounds "11"]
[EventCountry "NOR"]
[SourceTitle "CBM 162"]
[Source "ChessBase"]
[SourceDate "2014.09.17"]
[SourceVersion "1"]
[SourceVersionDate "2014.09.17"]
[SourceQuality "1"]
[WhiteTeam "Rwanda"]
[BlackTeam "US Virgin Islands"]
[WhiteTeamCountry "RWA"]
[BlackTeamCountry "ISV"]

1. d4 Nf6 2. c4 e6 3. Nc3 d5 4. Nf3 c5 5. Bf4 a6 6. e3 Nc6 7. dxc5 Bxc5 8. Ne5 0-0 9. Nxc6 bxc6 10. Be5 Nd7 11. Bg3 Ra7 12. Be2 Bb4 13. Qc2 Qa5 14. 0-0 Nc5 15. Be5 Nd7 16. Bd4 c5 17. a3 cxd4 18. axb4 Qxb4 19. exd4 dxc4 20. Ra4 Qb8 21. Bxc4 Nb6 22. Rb4 Qd6 23. Qb3 Nxc4 24. Rxc4 Rb7 25. Qc2 Bd7 26. Rd1 Rfb8 27. Ne4 Qd5 28. Rc1 f5 29. Ng5 g6 30. Qd2 Rxb2 31. Qf4 Rb1 32. Qh4 h5 33. h3 Qxc4 34. Rxb1 Rxb1+ 35. Kh2 Qc7+ 36. f4 Qc1 37. Nf3 Be8 38. Qd8 Qxf4+ 39. g3 Rb2+ 40. Kh1 Qxf3+ 0-1

[Event "Olympiad-41"]
[Site "Tromsoe"]
[Date "2014.08.06"]
[Round "5.2"]
[White "Massana, Jorge"]
[Black "Dalliah, Joseph"]
[Result "1/2-1/2"]
[WhiteElo "2180"]
[BlackElo "2060"]
[PlyCount "119"]
[EventDate "2014.08.02"]
[EventType "team-swiss"]
[EventRounds "11"]
[EventCountry "NOR"]
[SourceTitle "CBM 162"]
[Source "ChessBase"]
[SourceDate "2014.09.17"]
[SourceVersion "1"]
[SourceVersionDate "2014.09.17"]
[SourceQuality "1"]
[WhiteTeam "US Virgin Islands"]
[BlackTeam "Gambia"]
[WhiteTeamCountry "ISV"]
[BlackTeamCountry "GAM"]

1. e4 e5 2. Nf3 d6 3. d4 exd4 4. Nxd4 Nf6 5. Nc3 Be7 6. Bc4 a6 7. a4 c5 8. Nde2 Nc6 9. 0-0 Ne5 10. Ba2 Qc7 11. f4 Ng6 12. f5 Ne5 13. Nf4 Bd7 14. h3 Bc6 15. Qe2 0-0-0 16. Bd2 g6 17. fxg6 hxg6 18. Nfd5 Nxd5 19. Bxd5 Rdf8 20. Bf4 Kb8 21. Bxe5 dxe5 22. Rxf7 Rxf7 23. Bxf7 Qb6 24. b3 c4+ 25. Kh2 Bg5 26. Bxc4 Bd7 27. Nd5 Bf4+ 28. Nxf4 exf4 29. e5 Bf5 30. Rf1 g5 31. e6 Qc7 32. Kg1 Qc5+ 33. Qf2 Qd6 34. Re1 g4 35. e7 Re8 36. Qe2 Qd4+ 37. Kh1 gxh3 38. Qe5+ Qxe5 39. Rxe5 hxg2+ 40. Kxg2 Bg6 41. Bd3 Bf7 42. Kf3 Kc7 43. Kxf4 Kd6 44. a5 Be6 45. Bg6 Rxe7 46. Bf5 Bxf5 47. Rxe7 Kxe7 48. Kxf5 Kd6 49. Ke4 Kc5 50. c4 Kb4 51. Kd5 Kxb3 52. c5 Kb4 53. c6 bxc6+ 54. Kxc6 Kxa5 55. Kc5 Ka4 56. Kc4 Ka3 57. Kc3 a5 58. Kc2 Ka2 59. Kc1 a4 60. Kc2 1/2-1/2

[Event "Olympiad-41"]
[Site "Tromsoe"]
[Date "2014.08.04"]
[Round "3.2"]
[White "Kouevi, Mawuvi Koue"]
[Black "Massana, Jorge"]
[Result "0-1"]
[WhiteElo "1841"]
[BlackElo "2180"]
[PlyCount "130"]
[EventDate "2014.08.02"]
[EventType "team-swiss"]
[EventRounds "11"]
[EventCountry "NOR"]
[SourceTitle "CBM 162"]
[Source "ChessBase"]
[SourceDate "2014.09.17"]
[SourceVersion "1"]
[SourceVersionDate "2014.09.17"]
[SourceQuality "1"]
[WhiteTeam "Togo"]
[BlackTeam "US Virgin Islands"]
[WhiteTeamCountry "TOG"]
[BlackTeamCountry "ISV"]

1. d4 Nf6 2. d5 c6 3. dxc6 Nxc6 4. g3 g6 5. Bg2 Bg7 6. Nf3 0-0 7. 0-0 d5 8. c3 e5 9. e3 e4 10. Nd4 Ne5 11. Na3 Bg4 12. Qb3 Qc8 13. f4 exf3 14. Nxf3 Nxf3+ 15. Bxf3 Bxf3 16. Rxf3 Qh3 17. Nb5 Ng4 18. Qc2 a6 19. Nd4 Rae8 20. Qe2 Re4 21. Bd2 Rfe8 22. Nc2 Bh6 23. Raf1 Ne5 24. R3f2 Qe6 25. b3 f5 26. h3 Nc6 27. Qd3 Bg7 28. Kg2 Ne5 29. Qe2 h5 30. Nd4 Qe7 31. Bc1 h4 32. Rf4 hxg3 33. Rxe4 dxe4 34. Kxg3 Qc7 35. Kg2 Qxc3 36. Bb2 Qd3 37. Qf2 Nf3 38. Rc1 Nxd4 39. exd4 e3 40. Qc2 Qxc2+ 41. Rxc2 e2 42. Bc3 e1Q 43. Bxe1 Rxe1 44. Kf2 Rd1 45. Rc8+ Kh7 46. Rc7 Rxd4 47. Rxb7 Rd2+ 48. Ke3 Rxa2 49. b4 Ra3+ 50. Kf2 Rxh3 51. Ra7 Rb3 52. Rxa6 Rxb4 53. Ra7 Kh6 54. Rd7 g5 55. Rd6+ Kh5 56. Rd7 Bf6 57. Kf3 g4+ 58. Kg3 Be5+ 59. Kf2 Kg5 60. Ke2 f4 61. Rd5 Kf5 62. Kd3 g3 63. Ke2 Ke4 64. Rd7 f3+ 65. Kd2 g2 0-1

[Event "Olympiad-40"]
[Site "Istanbul"]
[Date "2012.08.29"]
[Round "2.1"]
[White "Meza Martinez, Alcides Ivan"]
[Black "Massana, Jorge"]
[Result "0-1"]
[WhiteElo "2187"]
[BlackElo "2186"]
[PlyCount "68"]
[EventDate "2012.08.28"]
[EventType "team-swiss"]
[EventRounds "11"]
[EventCountry "TUR"]
[SourceTitle "CBM 151"]
[Source "ChessBase"]
[SourceDate "2012.11.13"]
[SourceVersion "1"]
[SourceVersionDate "2012.11.13"]
[SourceQuality "1"]
[WhiteTeam "Honduras"]
[BlackTeam "US Virgin Islands"]
[WhiteTeamCountry "HON"]
[BlackTeamCountry "ISV"]

1. c4 g6 2. g3 Bg7 3. Bg2 e5 4. Nc3 d6 5. d3 Nc6 6. e4 Nge7 7. Nge2 0-0 8. 0-0 f5 9. Be3 Nd4 10. Qd2 fxe4 11. dxe4 Nf3+ 12. Bxf3 Rxf3 13. Kg2 Rf7 14. f3 Be6 15. b3 Qd7 16. Ng1 b6 17. a4 Nc6 18. Nce2 Na5 19. Qd3 Rd8 20. Bg5 Rdf8 21. Bd2 Nc6 22. Bc3 Bh6 23. a5 Rf6 24. axb6 axb6 25. h3 R6f7 26. Ra3 Qe7 27. Ra2 Qd7 28. g4 Bg5 29. Bd2 Bxd2 30. Qxd2 h5 31. Rfa1 hxg4 32. hxg4 Bxg4 33. fxg4 Rf2+ 34. Kg3 Qh7 0-1

[Event "Olympiad-31"]
[Site "Moscow"]
[Date "1994.12.16"]
[Round "14.2"]
[White "Massana, Jorge"]
[Black "Garcia Alarcon, Alvaro"]
[Result "0-1"]
[WhiteElo "2240"]
[BlackElo "2295"]
[PlyCount "106"]
[EventDate "1994.12.01"]
[EventType "team-swiss"]
[EventRounds "14"]
[EventCountry "RUS"]
[SourceTitle "CBM 045"]
[Source "ChessBase"]
[SourceDate "1995.04.01"]
[SourceVersion "1"]
[SourceVersionDate "1995.04.01"]
[SourceQuality "1"]
[WhiteTeam "Puerto Rico"]
[BlackTeam "Colombia"]
[WhiteTeamCountry "PUR"]
[BlackTeamCountry "COL"]

1. e4 e6 2. d4 d5 3. exd5 exd5 4. Nf3 Bd6 5. Bd3 Nc6 6. 0-0 Nge7 7. c3 f6 8. Nh4 Be6 9. Re1 Bf7 10. Qg4 Kf8 11. Nf5 Nxf5 12. Bxf5 Ne7 13. Be6 Bxe6 14. Qxe6 Qc8 15. Qxc8+ Rxc8 16. Nd2 Kf7 17. Nb3 Rhe8 18. Bd2 Nf5 19. Rxe8 Rxe8 20. Re1 b6 21. Rxe8 Kxe8 22. g3 Kd7 23. Kf1 c5 24. dxc5 bxc5 25. Ke2 h5 26. f3 c4 27. Nd4 Nxd4+ 28. cxd4 Ke6 29. Be1 Bc7 30. h3 Bb6 31. Bc3 f5 32. h4 f4 33. g4 Kf7 34. b3 cxb3 35. axb3 g5 36. gxh5 gxh4 37. Bd2 Bxd4 38. Bxf4 Kf6 39. Kf1 Kf5 40. Bd6 Kg5 41. Kg2 Kxh5 42. Kh3 Bf2 43. Kg2 Be1 44. Bc5 a6 45. Bd4 Kg5 46. Be3+ Kf5 47. Kf1 Bg3 48. Kg2 Be5 49. Kh3 d4 50. Bd2 Bf4 51. Be1 d3 52. Kxh4 d2 53. Bxd2 Bxd2 0-1

[Event "Olympiad-31"]
[Site "Moscow"]
[Date "1994.12.15"]
[Round "13.2"]
[White "Aryanejad, Hossein"]
[Black "Massana, Jorge"]
[Result "1/2-1/2"]
[WhiteElo "2270"]
[BlackElo "2240"]
[PlyCount "104"]
[EventDate "1994.12.01"]
[EventType "team-swiss"]
[EventRounds "14"]
[EventCountry "RUS"]
[SourceTitle "CBM 045"]
[Source "ChessBase"]
[SourceDate "1995.04.01"]
[SourceVersion "1"]
[SourceVersionDate "1995.04.01"]
[SourceQuality "1"]
[WhiteTeam "Iran"]
[BlackTeam "Puerto Rico"]
[WhiteTeamCountry "IRI"]
[BlackTeamCountry "PUR"]

1. e4 e5 2. Nf3 d6 3. Bc4 Be7 4. c3 Nf6 5. d3 0-0 6. 0-0 c6 7. Bb3 Nbd7 8. Re1 b6 9. Nbd2 Bb7 10. Nf1 Nc5 11. Bc2 Ne6 12. Ng3 Re8 13. d4 Qc7 14. Ng5 Nxg5 15. Bxg5 Bc8 16. h3 h6 17. Be3 Nh7 18. Bb3 Bg5 19. dxe5 dxe5 20. Qf3 Be6 21. Nf5 Bxe3 22. Rxe3 Rad8 23. Qg3 Bxf5 24. exf5 Nf6 25. Rae1 Rd2 26. R3e2 Rxe2 27. Rxe2 Kf8 28. Re1 Qe7 29. Qd3 Nd7 30. Qc4 Nc5 31. Rxe5 Qd7 32. Rxe8+ Qxe8 33. Bc2 Qe1+ 34. Qf1 Qe5 35. Qd1 Ke7 36. g3 a5 37. Qd2 Nb7 38. Qe3 Qxe3 39. fxe3 Kf6 40. g4 Ke5 41. Kf2 Nd6 42. Kf3 b5 43. b3 b4 44. c4 c5 45. Bd3 Nc8 46. Be4 Ne7 47. Bc2 g5 48. fxg6 fxg6 49. h4 g5 50. h5 Nc8 51. Be4 Nd6 52. Bg6 Nc8 1/2-1/2

[Event "Olympiad-31"]
[Site "Moscow"]
[Date "1994.12.10"]
[Round "9.2"]
[White "Jones, Iolo Cerredig"]
[Black "Massana, Jorge"]
[Result "1/2-1/2"]
[WhiteElo "2235"]
[BlackElo "2240"]
[PlyCount "42"]
[EventDate "1994.12.01"]
[EventType "team-swiss"]
[EventRounds "14"]
[EventCountry "RUS"]
[SourceTitle "CBM 045"]
[Source "ChessBase"]
[SourceDate "1995.04.01"]
[SourceVersion "1"]
[SourceVersionDate "1995.04.01"]
[SourceQuality "1"]
[WhiteTeam "Wales"]
[BlackTeam "Puerto Rico"]
[WhiteTeamCountry "WLS"]
[BlackTeamCountry "PUR"]

1. d4 g6 2. Nf3 Bg7 3. c3 Nf6 4. Bg5 0-0 5. Nbd2 d5 6. e3 c6 7. Bd3 Nbd7 8. 0-0 Qe8 9. Bf4 Nh5 10. Bc7 e5 11. Be2 e4 12. Ne1 f5 13. Bxh5 gxh5 14. g3 h4 15. gxh4 Nf6 16. Ng2 Kh8 17. Kh1 Be6 18. Bg3 Bf7 19. Rg1 Bh5 20. Qf1 Ng4 21. h3 Nf6 1/2-1/2

[Event "Olympiad-30"]
[Site "Manila"]
[Date "1992.06.15"]
[Round "7.3"]
[White "Hurelbaatar, Chultemjamc"]
[Black "Massana, Jorge"]
[Result "1-0"]
[WhiteElo "2320"]
[BlackElo "2255"]
[PlyCount "71"]
[EventDate "1992.06.08"]
[EventType "team-swiss"]
[EventRounds "14"]
[EventCountry "PHI"]
[SourceTitle "TD"]
[Source "ChessBase"]
[SourceDate "1994.03.01"]
[SourceVersion "1"]
[SourceVersionDate "1994.03.01"]
[SourceQuality "1"]
[WhiteTeam "Mongolia"]
[BlackTeam "Puerto Rico"]
[WhiteTeamCountry "MGL"]
[BlackTeamCountry "PUR"]

1. d4 g6 2. Nf3 Bg7 3. Bg5 Nf6 4. Nbd2 d5 5. e3 0-0 6. Bd3 c5 7. c3 b6 8. 0-0 Bb7 9. h3 Ne4 10. Bf4 Nd7 11. Qe2 f6 12. Bh2 e5 13. dxe5 fxe5 14. Nxe4 dxe4 15. Bxe4 Bxe4 16. Qc4+ Kh8 17. Qxe4 Qe7 18. Rad1 Rae8 19. Qa4 Rf7 20. Ng5 Qxg5 21. Rxd7 Rxd7 22. Qxd7 Qe7 23. Rd1 h6 24. e4 Kg8 25. Qxe7 Rxe7 26. Rd5 Kf7 27. Kf1 Ke6 28. c4 Re8 29. Ke2 Kf7 30. b3 Bf8 31. f3 h5 32. a3 a5 33. Kd3 g5 34. Kc3 g4 35. fxg4 hxg4 36. hxg4 1-0

[Event "Olympiad-29"]
[Site "Novi Sad"]
[Date "1990.12.03"]
[Round "14"]
[White "Mossong, Hubert"]
[Black "Massana, Jorge"]
[Result "1/2-1/2"]
[WhiteElo "2295"]
[BlackElo "2225"]
[PlyCount "108"]
[EventDate "1990.11.17"]
[EventType "team-swiss"]
[EventRounds "14"]
[EventCountry "YUG"]
[SourceTitle "EXT 2019"]
[Source "ChessBase"]
[SourceDate "2018.10.10"]
[SourceVersion "1"]
[SourceVersionDate "2018.10.10"]
[SourceQuality "1"]
[WhiteTeam "Luxembourg"]
[BlackTeam "Puerto Rico"]
[WhiteTeamCountry "LUX"]
[BlackTeamCountry "PUR"]

1. e4 c5 2. Nc3 Nc6 3. f4 g6 4. Nf3 Bg7 5. Bb5 Nd4 6. Nxd4 cxd4 7. Ne2 Qb6 8. Bd3 Nf6 9. Ng3 d6 10. 0-0 h5 11. a4 h4 12. Ne2 a6 13. h3 e5 14. fxe5 dxe5 15. a5 Qa7 16. Kh2 Be6 17. Rf3 g5 18. Ng1 g4 19. Rf1 Rh6 20. Qe1 Kd7 21. Ra4 Rah8 22. Bc4 Qc5 23. Bxe6+ fxe6 24. d3 Rg6 25. Rc4 Qd6 26. Qb4 Qxb4 27. Rxb4 Kc8 28. c3 dxc3 29. bxc3 Rd8 30. Rd1 Rg8 31. Be3 Bf8 32. Rb2 gxh3 33. gxh3 Rg3 34. Re2 Nh5 35. Rf1 Nf4 36. Bxf4 exf4 37. Nf3 Bd6 38. d4 Bc7 39. Ra2 e5 40. d5 Bd6 41. c4 Kb8 42. Rc2 Bc5 43. Re2 R8g7 44. Nxe5 Bg1+ 45. Rxg1 Rxg1 46. Ng4 f3 47. Rd2 Re1 48. Rf2 Rxe4 49. Rxf3 Rxc4 50. Rd3 Rcxg4 51. hxg4 Rxg4 52. d6 Kc8 53. d7+ Kd8 54. Rb3 Kxd7 1/2-1/2

[Event "Olympiad-29"]
[Site "Novi Sad"]
[Date "1990.11.23"]
[Round "6"]
[White "Massana, Jorge"]
[Black "Binet Tapaszto, Laszlo"]
[Result "1-0"]
[WhiteElo "2225"]
[BlackElo "2265"]
[PlyCount "95"]
[EventDate "1990.11.17"]
[EventType "team-swiss"]
[EventRounds "14"]
[EventCountry "YUG"]
[SourceTitle "EXT 2019"]
[Source "ChessBase"]
[SourceDate "2018.10.10"]
[SourceVersion "1"]
[SourceVersionDate "2018.10.10"]
[SourceQuality "1"]
[WhiteTeam "Puerto Rico"]
[BlackTeam "Venezuela"]
[WhiteTeamCountry "PUR"]
[BlackTeamCountry "VEN"]

1. b4 e5 2. Bb2 Bxb4 3. Bxe5 Nf6 4. Nf3 0-0 5. e3 d5 6. Be2 c5 7. 0-0 Nc6 8. Bb2 Re8 9. d3 Ba5 10. Nbd2 Bc7 11. c4 d4 12. exd4 cxd4 13. Nb3 Bg4 14. g3 Qd7 15. Nfxd4 Nxd4 16. Bxg4 Nxg4 17. Bxd4 Qf5 18. h3 Nh6 19. Kg2 a5 20. a4 Rad8 21. Qf3 Qxf3+ 22. Kxf3 Nf5 23. Rfe1 f6 24. Rxe8+ Rxe8 25. Bc3 b6 26. Rd1 Kf7 27. Nd4 Ne7 28. Nb5 Bb8 29. Bd4 Nc8 30. Be3 Ke6 31. Nc3 Kd7 32. Nd5 Kc6 33. Rb1 Bc7 34. Rb5 Bd8 35. Rb1 Re6 36. d4 Re8 37. Nf4 Re7 38. d5+ Kd7 39. Ne6 Bc7 40. c5 bxc5 41. Rb7 Rxe6 42. dxe6+ Kc6 43. Rb5 Bb6 44. Bd2 c4 45. Bxa5 Ba7 46. Bb4 g6 47. e7 Kd7 48. Rd5+ 1-0

[Event "New York op"]
[Site "New York"]
[Date "1985.??.??"]
[Round "9"]
[White "Massana, Jorge"]
[Black "Anderson, Renard"]
[Result "0-1"]
[WhiteElo "2255"]
[BlackElo "2380"]
[PlyCount "48"]
[EventDate "1985.03.??"]
[EventType "swiss"]
[EventRounds "9"]
[EventCountry "USA"]
[SourceTitle "EXT 2000"]
[Source "ChessBase"]
[SourceDate "1999.11.16"]
[SourceVersion "1"]
[SourceVersionDate "1999.11.16"]
[SourceQuality "1"]

1. b4 d5 2. Bb2 Qd6 3. a3 e5 4. e3 Be6 5. Ne2 Nd7 6. d4 e4 7. Nd2 f5 8. c4 c6 9. Nc3 a6 10. c5 Qc7 11. g3 Ngf6 12. Be2 g6 13. Nb3 Bh6 14. h4 0-0 15. Qc2 Bxe3 16. fxe3 Qxg3+ 17. Kd2 f4 18. Rag1 Qxe3+ 19. Kd1 f3 20. Bc1 fxe2+ 21. Nxe2 Qd3+ 22. Qxd3 exd3 23. Nf4 Bg4+ 24. Kd2 Ne4+ 0-1

[Event "Manhattan CC-ch"]
[Site "New York"]
[Date "1985.??.??"]
[Round "2"]
[White "Schroer, Jonathan"]
[Black "Massana, Jorge"]
[Result "1-0"]
[WhiteElo "2365"]
[BlackElo "2255"]
[PlyCount "83"]
[EventDate "1985.??.??"]
[EventType "swiss"]
[EventRounds "6"]
[EventCountry "USA"]
[SourceTitle "EXT 2004"]
[Source "ChessBase"]
[SourceDate "2003.11.25"]
[SourceVersion "1"]
[SourceVersionDate "2003.11.25"]
[SourceQuality "1"]

1. d4 Nf6 2. c4 e6 3. Nf3 d5 4. Nc3 Nbd7 5. Bg5 Be7 6. e3 0-0 7. Qc2 c5 8. cxd5 exd5 9. Bd3 cxd4 10. exd4 Re8 11. 0-0 Nf8 12. Rfe1 Be6 13. Ne5 Ng4 14. Bxe7 Rxe7 15. Nxg4 Bxg4 16. Rxe7 Qxe7 17. Nxd5 Qd7 18. Be4 f5 19. Bxf5 Qxd5 20. Bxg4 Qxd4 21. Bc8 b6 22. Qc6 Qxb2 23. Rd1 Qe2 24. Rf1 Rb8 25. Qc7 Ra8 26. Qb7 Rxc8 27. Qxc8 Qxa2 28. h3 b5 29. Qb7 a6 30. Rd1 Qe6 31. Ra1 h6 32. Qxa6 Qe5 33. Rb1 b4 34. Qc4+ Kh7 35. Qxb4 Ne6 36. Re1 Qf5 37. Qe4 Qxe4 38. Rxe4 Ng5 39. Re7 Kg6 40. f4 Nf7 41. Kf2 Kf6 42. Ra7 1-0